[Event "AsianNationCup2018"]
[Site "Hamedan"]
[Date "2018.07.28"]
[Round "1.1"]
[White "Yakubboev, Nodirbek"]
[Black "Adhiban, B."]
[Result "1/2-1/2"]
[BlackElo "2671"]
[WhiteElo "2512"]
[LiveChessVersion "1.4.8"]

1. d4 {[%clk 1:30:44]} Nf6 {[%clk 1:30:39]} 2. Bg5 {[%clk 1:30:06]} c5 3. Bxf6
{[%clk 1:28:45]} gxf6 {[%clk 1:31:32]} 4. d5 {[%clk 1:27:47]} f5 {[%clk 1:31:59]}
5. c4 {[%clk 1:25:55]} Bg7 {[%clk 1:32:18]} 6. Qc2 {[%clk 1:25:15]} Qa5+
{[%clk 1:32:05]} 7. Nc3 {[%clk 1:23:48]} Bxc3+ {[%clk 1:32:15]} 8. bxc3
{[%clk 1:23:05]} d6 {[%clk 1:32:37]} 9. Nf3 {[%clk 1:20:59]} Nd7 {[%clk 1:32:52]}
10. e3 {[%clk 1:20:12]} Rg8 {[%clk 1:28:57]} 11. g3 {[%clk 1:13:29]} Nf6
{[%clk 1:29:13]} 12. Nd2 {[%clk 1:07:48]} Bd7 {[%clk 1:28:30]} 13. Bg2
{[%clk 0:58:55]} O-O-O {[%clk 1:27:42]} 14. Rb1 {[%clk 0:57:01]} h5
{[%clk 1:23:14]} 15. h4 {[%clk 0:46:20]} Kb8 16. Rb2 {[%clk 0:38:28]} a6
{[%clk 1:19:47]} 17. Qb3 {[%clk 0:33:37]} Qc7 {[%clk 1:16:56]} 18. Ke2
{[%clk 0:33:12]} Ka7 {[%clk 1:17:16]} 19. a4 {[%clk 0:30:35]} Rb8
{[%clk 1:13:47]} 20. Ra1 {[%clk 0:28:52]} b6 21. Nb1 Ng4 22. Bf3 Rh8 23. Na3 Ne5
24. Qa2 Nxf3 25. Kxf3 1/2-1/2

[Event "AsianNationCup2018"]
[Site "Hamedan"]
[Date "2018.07.28"]
[Round "1.2"]
[White "Sethuraman, S.P."]
[Black "Khoroshev, Nikita"]
[Result "1-0"]
[BlackElo "2424"]
[WhiteElo "2657"]
[LiveChessVersion "1.4.8"]

1. e4 {[%clk 1:30:29]} e6 {[%clk 1:29:58]} 2. d4 {[%clk 1:30:34]} d5
{[%clk 1:30:22]} 3. Nc3 Nc6 {[%clk 1:29:34]} 4. Nf3 {[%clk 1:27:48]} Nf6
{[%clk 1:25:23]} 5. e5 {[%clk 1:27:54]} Ne4 {[%clk 1:25:47]} 6. Ne2
{[%clk 1:28:20]} h5 {[%clk 1:26:08]} 7. h4 {[%clk 1:21:47]} Ne7 {[%clk 1:15:03]}
8. g3 {[%clk 1:03:31]} c5 {[%clk 1:09:12]} 9. Bh3 {[%clk 1:00:15]} Nc6
{[%clk 1:06:06]} 10. c3 {[%clk 0:57:46]} cxd4 11. cxd4 Be7 {[%clk 0:38:43]} 12.
O-O {[%clk 0:56:37]} Bd7 13. Kg2 g5 14. hxg5 Nxg5 15. Nxg5 Bxg5 16. f4 Be7 17. f5
exf5 18. Bxf5 Bxf5 19. Rxf5 Qd7 20. Qf1 O-O-O 21. Be3 Rdg8 22. Qf3 h4 23. g4 Nd8
24. Kh3 Rh7 25. Rg1 Rhg7 26. Nc3 1-0

[Event "AsianNationCup2018"]
[Site "Hamedan"]
[Date "2018.07.28"]
[Round "1.3"]
[White "Sindarov, Javokhir"]
[Black "Ganguly, Surya Shekhar"]
[Result "1-0"]
[BlackElo "2652"]
[WhiteElo "2474"]
[LiveChessVersion "1.4.8"]

1. e4 e5 2. Nf3 Nc6 3. d4 exd4 4. Nxd4 Nf6 5. Nxc6 bxc6 6. e5 Qe7 7. Qe2 Nd5 8.
c4 Ba6 9. b3 g6 10. Bb2 Bg7 11. g3 O-O 12. Bg2 Rfe8 13. O-O Bxe5 14. Qxe5 Qxe5
15. Bxe5 Rxe5 16. cxd5 Bxf1 17. Kxf1 cxd5 18. f4 Re3 19. Bxd5 c6 20. Bf3 Rxf3+
21. Ke2 Re8+ 22. Kxf3 Re1 23. Kf2 Rh1 24. Kg2 1-0

[Event "AsianNationCup2018"]
[Site "Hamedan"]
[Date "2018.07.28"]
[Round "1.6"]
[White "Tahbaz, Arash"]
[Black "Zhou, Jianchao"]
[Result "1/2-1/2"]
[BlackElo "2621"]
[WhiteElo "2449"]
[LiveChessVersion "1.4.8"]

1. d4 {[%clk 1:30:54]} Nf6 {[%clk 1:30:55]} 2. Nf3 e6 {[%clk 1:28:15]} 3. Bf4
{[%clk 1:31:12]} b6 {[%clk 1:27:05]} 4. e3 {[%clk 1:31:29]} Bb7 {[%clk 1:27:28]}
5. Nbd2 {[%clk 1:31:15]} Be7 {[%clk 1:27:39]} 6. h3 {[%clk 1:31:43]} O-O
{[%clk 1:27:48]} 7. Bd3 {[%clk 1:32:01]} c5 {[%clk 1:21:56]} 8. c3
{[%clk 1:32:21]} Nc6 {[%clk 1:19:29]} 9. O-O {[%clk 1:32:29]} d5 {[%clk 1:18:52]}
10. Ne5 {[%clk 1:29:15]} c4 {[%clk 1:15:07]} 11. Bc2 {[%clk 1:28:19]} b5
{[%clk 1:15:19]} 12. Bg5 {[%clk 1:04:58]} Ne8 13. Bxe7 Qxe7 {[%clk 1:00:32]} 14.
e4 {[%clk 0:56:37]} Nxe5 15. dxe5 {[%clk 0:56:58]} Rd8 {[%clk 0:58:17]} 16. exd5
{[%clk 0:56:00]} Bxd5 {[%clk 0:53:38]} 17. Nf3 {[%clk 0:52:40]} Nc7
{[%clk 0:45:56]} 18. Qe2 {[%clk 0:51:44]} Bxf3 19. Qxf3 Rd2 20. Qe4 g6 21. Rad1
Rfd8 22. Rxd2 Rxd2 23. Rd1 Qg5 24. g3 Rd5 25. Rxd5 exd5 26. Qe1 Ne6 27. h4 Qd8
28. Qe3 d4 29. cxd4 Qxd4 30. Qxd4 Nxd4 31. Be4 b4 32. Kf1 c3 33. bxc3 bxc3 34.
Ke1 f6 35. Bd5+ Kg7 36. e6 Kf8 37. Bc4 1/2-1/2

[Event "AsianNationCup2018"]
[Site "Hamedan"]
[Date "2018.07.28"]
[Round "1.11"]
[White "Mohammad Fahad, Rahman"]
[Black "Tabatabaei, M.Amin"]
[Result "0-1"]
[BlackElo "2590"]
[WhiteElo "2237"]
[LiveChessVersion "1.4.8"]

1. e4 {[%clk 1:30:56]} e5 {[%clk 1:30:54]} 2. Nf3 {[%clk 1:31:18]} Nc6
{[%clk 1:31:20]} 3. Bb5 {[%clk 1:31:33]} a6 {[%clk 1:31:47]} 4. Ba4
{[%clk 1:31:54]} b5 {[%clk 1:32:13]} 5. Bb3 {[%clk 1:32:18]} g6 6. d4
{[%clk 1:31:17]} exd4 {[%clk 1:33:03]} 7. Nxd4 {[%clk 1:31:45]} Na5
{[%clk 1:33:25]} 8. O-O {[%clk 1:23:28]} Bg7 {[%clk 1:33:19]} 9. c3
{[%clk 0:54:35]} Nxb3 {[%clk 1:31:34]} 10. Nxb3 {[%clk 0:54:48]} Ne7
{[%clk 1:31:50]} 11. Be3 {[%clk 0:54:48]} O-O {[%clk 1:29:54]} 12. Bd4
{[%clk 0:54:52]} f6 {[%clk 1:29:53]} 13. N1d2 {[%clk 0:54:43]} d6
{[%clk 1:29:49]} 14. Be3 {[%clk 0:50:28]} c5 {[%clk 1:26:31]} 15. Nf3
{[%clk 0:49:48]} Bb7 {[%clk 1:24:36]} 16. Bf4 {[%clk 0:47:40]} Nc8
{[%clk 1:19:39]} 17. Re1 Bc6 18. Qd2 {[%clk 0:44:23]} Ra7 {[%clk 1:16:29]} 19.
Rad1 {[%clk 0:44:19]} Rd7 {[%clk 1:16:32]} 20. h4 {[%clk 0:38:44]} a5
{[%clk 1:13:51]} 21. c4 {[%clk 0:35:59]} b4 {[%clk 1:12:50]} 22. Qc2
{[%clk 0:27:46]} h6 {[%clk 1:12:50]} 23. Nh2 f5 {[%clk 1:02:24]} 24. exf5
{[%clk 0:22:50]} a4 {[%clk 1:00:40]} 25. Nc1 {[%clk 0:22:23]} Ne7
{[%clk 1:00:54]} 26. g4 {[%clk 0:10:13]} gxf5 {[%clk 1:00:22]} 27. Re6
{[%clk 0:10:25]} fxg4 {[%clk 0:59:55]} 28. Bxh6 {[%clk 0:10:28]} Nf5
{[%clk 0:54:24]} 29. Bg5 {[%clk 0:10:40]} Qa8 {[%clk 0:54:49]} 30. Qe2
{[%clk 0:10:19]} g3 {[%clk 0:54:30]} 31. fxg3 {[%clk 0:08:49]} Nd4
{[%clk 0:44:24]} 32. Rxd4 {[%clk 0:08:59]} Bxd4+ {[%clk 0:44:49]} 33. Be3
{[%clk 0:09:20]} Rg7 {[%clk 0:44:55]} 34. Nf1 {[%clk 0:08:36]} Qd8
{[%clk 0:40:37]} 35. Kh2 {[%clk 0:08:49]} Be5 {[%clk 0:38:13]} 36. Rxe5 dxe5 37.
Bxc5 {[%clk 0:04:32]} Rf4 {[%clk 0:38:16]} 38. Bf2 {[%clk 0:04:34]} Rxh4+
{[%clk 0:38:16]} 0-1

[Event "AsianNationCup2018"]
[Site "Hamedan"]
[Date "2018.07.28"]
[Round "1.13"]
[White "Ismagambetov, Anuar"]
[Black "Mohammed, Zozek Salah Mohammed"]
[Result "1/2-1/2"]
[BlackElo "2261"]
[WhiteElo "2529"]
[LiveChessVersion "1.4.8"]

1. e4 {[%clk 1:30:57]} c5 {[%clk 1:30:42]} 2. Nf3 {[%clk 1:31:16]} d6
{[%clk 1:31:10]} 3. d4 {[%clk 1:31:35]} cxd4 {[%clk 1:31:33]} 4. Nxd4
{[%clk 1:32:02]} Nf6 {[%clk 1:31:30]} 5. Nc3 {[%clk 1:32:26]} a6 {[%clk 1:31:56]}
6. Bg5 e6 {[%clk 1:32:15]} 7. f4 {[%clk 1:31:49]} Qb6 {[%clk 1:32:35]} 8. Qd2
{[%clk 1:27:29]} Qxb2 {[%clk 1:33:02]} 9. Rb1 {[%clk 1:27:54]} Qa3
{[%clk 1:33:19]} 10. f5 {[%clk 1:28:20]} Nc6 {[%clk 1:31:35]} 11. fxe6
{[%clk 1:28:46]} fxe6 {[%clk 1:31:46]} 12. Nxc6 {[%clk 1:29:13]} bxc6
{[%clk 1:32:06]} 13. e5 {[%clk 1:29:42]} dxe5 {[%clk 1:32:04]} 14. Bxf6
{[%clk 1:29:55]} gxf6 {[%clk 1:32:31]} 15. Ne4 {[%clk 1:30:20]} Qxa2
{[%clk 1:32:22]} 16. Rd1 {[%clk 1:21:18]} Be7 {[%clk 1:32:49]} 17. Qh6
{[%clk 1:05:54]} Qxc2 {[%clk 1:20:18]} 18. Qh5+ 1/2-1/2

[Event "AsianNationCup2018"]
[Site "Hamedan"]
[Date "2018.07.28"]
[Round "1.14"]
[White "Al-Ali, Hussein Ali Hussein"]
[Black "Kazhgaleyev, Murtas"]
[Result "0-1"]
[BlackElo "2575"]
[WhiteElo "2267"]
[LiveChessVersion "1.4.8"]

1. e4 {[%clk 1:30:51]} e5 {[%clk 1:30:41]} 2. Nf3 {[%clk 1:31:16]} Nc6
{[%clk 1:31:08]} 3. Nc3 {[%clk 1:31:39]} Nf6 {[%clk 1:30:45]} 4. g3 d5
{[%clk 1:25:38]} 5. exd5 {[%clk 1:32:21]} Nxd5 {[%clk 1:26:04]} 6. Bg2
{[%clk 1:32:38]} Nf6 {[%clk 1:23:04]} 7. O-O {[%clk 1:32:46]} Bc5
{[%clk 1:20:32]} 8. d3 {[%clk 1:32:41]} h6 {[%clk 1:19:50]} 9. Be3
{[%clk 1:27:58]} Bxe3 {[%clk 1:16:12]} 10. fxe3 {[%clk 1:28:22]} Bg4
{[%clk 1:15:08]} 11. Qe1 {[%clk 1:27:00]} e4 {[%clk 1:08:59]} 12. dxe4
{[%clk 1:26:25]} O-O {[%clk 1:07:26]} 13. Rd1 {[%clk 1:20:12]} Nd7
{[%clk 1:02:27]} 14. Rd2 {[%clk 1:15:55]} Re8 {[%clk 0:55:43]} 15. h3
{[%clk 1:10:41]} Bxf3 {[%clk 0:53:01]} 16. Bxf3 Nce5 17. Bg2 c6 {[%clk 0:52:46]}
18. b3 {[%clk 1:09:58]} Qc7 {[%clk 0:50:47]} 19. a4 {[%clk 1:09:18]} Nc5
{[%clk 0:49:54]} 20. Qf2 {[%clk 1:06:52]} Qa5 {[%clk 0:48:09]} 21. Nb1
{[%clk 1:06:32]} Re7 {[%clk 0:46:42]} 22. Qf5 {[%clk 1:02:09]} Rae8
{[%clk 0:44:21]} 23. Rd4 {[%clk 0:53:08]} Ne6 24. c3 {[%clk 0:42:52]} Ng5
{[%clk 0:35:10]} 25. h4 {[%clk 0:40:57]} Ne6 {[%clk 0:32:37]} 26. Bh3
{[%clk 0:37:13]} Qc7 {[%clk 0:29:56]} 27. Bg2 {[%clk 0:28:55]} g6
{[%clk 0:21:43]} 28. Qf2 {[%clk 0:28:58]} Ng4 {[%clk 0:21:10]} 29. Qe1
{[%clk 0:29:13]} Nxd4 {[%clk 0:17:17]} 30. exd4 {[%clk 0:29:38]} f5
{[%clk 0:16:47]} 31. e5 {[%clk 0:27:28]} Qb6 {[%clk 0:16:58]} 32. Kh1 c5 33. Bd5+
Kg7 {[%clk 0:16:52]} 34. Qd2 {[%clk 0:21:41]} Rd8 {[%clk 0:16:37]} 35. c4
{[%clk 0:21:49]} cxd4 {[%clk 0:15:52]} 36. b4 {[%clk 0:15:36]} Ne3
{[%clk 0:14:04]} 0-1

[Event "AsianNationCup2018"]
[Site "Hamedan"]
[Date "2018.07.29"]
[Round "2.1"]
[White "Nguyen, Ngoc Truong Son"]
[Black "Lu, Shanglei"]
[Result "1/2-1/2"]
[BlackElo "2629"]
[WhiteElo "2618"]
[LiveChessVersion "1.4.8"]

1. e4 {[%clk 1:30:54]} e6 {[%clk 1:29:38]} 2. d4 {[%clk 1:31:07]} d5
{[%clk 1:29:58]} 3. Nc3 {[%clk 1:31:24]} dxe4 {[%clk 1:27:46]} 4. Nxe4
{[%clk 1:31:44]} Nd7 {[%clk 1:26:40]} 5. Nf3 {[%clk 1:31:09]} Ngf6
{[%clk 1:26:53]} 6. Nxf6+ {[%clk 1:26:14]} Nxf6 {[%clk 1:27:16]} 7. Be3
{[%clk 1:26:04]} Nd5 {[%clk 1:21:37]} 8. Bd2 {[%clk 1:25:04]} c5 {[%clk 1:22:00]}
9. Bb5+ {[%clk 1:24:34]} Bd7 {[%clk 1:22:25]} 10. Bxd7+ {[%clk 1:24:12]} Qxd7
{[%clk 1:22:46]} 11. c4 {[%clk 1:23:48]} Nb6 {[%clk 1:23:10]} 12. Rc1
{[%clk 1:23:37]} Be7 {[%clk 1:15:16]} 13. dxc5 {[%clk 1:21:18]} Bxc5
{[%clk 1:15:31]} 14. b4 {[%clk 1:21:10]} Be7 {[%clk 1:15:56]} 15. c5
{[%clk 1:21:27]} Nd5 {[%clk 1:16:20]} 16. Ne5 {[%clk 1:20:50]} Qc7
{[%clk 1:16:45]} 17. Qa4+ {[%clk 1:20:44]} Kf8 {[%clk 1:17:10]} 18. Nd3
{[%clk 1:19:52]} h5 {[%clk 1:17:33]} 19. O-O {[%clk 1:19:01]} h4 {[%clk 1:17:59]}
20. h3 {[%clk 1:18:51]} Rh5 {[%clk 1:18:22]} 21. Rfe1 {[%clk 1:05:47]} a6
{[%clk 1:13:30]} 22. Qc2 {[%clk 0:53:34]} Rd8 {[%clk 1:10:09]} 23. a4
{[%clk 0:51:58]} Qd7 {[%clk 1:07:57]} 24. c6 {[%clk 0:45:34]} Qc7
{[%clk 1:06:53]} 25. Nc5 {[%clk 0:36:48]} Bxc5 {[%clk 1:03:24]} 26. Qxc5+
{[%clk 0:37:10]} Kg8 {[%clk 1:03:46]} 27. Qa7 {[%clk 0:35:38]} Rb8
{[%clk 1:00:23]} 28. b5 {[%clk 0:35:08]} axb5 {[%clk 0:58:22]} 29. axb5
{[%clk 0:35:31]} b6 {[%clk 0:53:01]} 30. Ra1 {[%clk 0:26:48]} Rf5
{[%clk 0:33:27]} 31. Re4 {[%clk 0:21:26]} Qd8 {[%clk 0:33:49]} 32. Rea4
{[%clk 0:14:13]} Kh7 {[%clk 0:31:42]} 33. Be3 {[%clk 0:14:00]} Rc8
{[%clk 0:27:57]} 34. Qb7 {[%clk 0:12:59]} Nxe3 {[%clk 0:19:02]} 35. fxe3
{[%clk 0:13:13]} Rxb5 {[%clk 0:19:19]} 36. Qxf7 {[%clk 0:09:43]} Rxc6
{[%clk 0:18:46]} 37. Rg4 {[%clk 0:09:20]} Qf6 {[%clk 0:19:01]} 38. Ra7
{[%clk 0:07:59]} Rc1+ {[%clk 0:14:01]} 39. Kh2 {[%clk 0:08:23]} Qxf7
{[%clk 0:14:28]} 40. Rxf7 {[%clk 0:08:48]} Kh6 {[%clk 0:14:50]} 41. Rxh4+
{[%clk 0:07:58]} Kg6 {[%clk 0:15:14]} 42. Rb7 {[%clk 0:07:34]} Rg5
{[%clk 0:14:27]} 43. Rxb6 {[%clk 0:07:29]} Rc2 {[%clk 0:14:43]} 44. Rg4
{[%clk 0:07:56]} Rxg4 {[%clk 0:15:08]} 45. hxg4 {[%clk 0:08:24]} Kf6
{[%clk 0:15:17]} 46. Kg3 {[%clk 0:08:37]} g5 {[%clk 0:15:38]} 1/2-1/2

[Event "AsianNationCup2018"]
[Site "Hamedan"]
[Date "2018.07.29"]
[Round "2.2"]
[White "Wen, Yang"]
[Black "Tran, Tuan Minh"]
[Result "1-0"]
[BlackElo "2520"]
[WhiteElo "2599"]
[LiveChessVersion "1.4.8"]

1. e4 {[%clk 1:30:57]} c5 {[%clk 1:30:12]} 2. Nf3 {[%clk 1:31:19]} d6
{[%clk 1:30:39]} 3. d4 {[%clk 1:31:43]} cxd4 {[%clk 1:31:05]} 4. Nxd4
{[%clk 1:32:07]} Nf6 {[%clk 1:31:32]} 5. Nc3 {[%clk 1:32:21]} a6 {[%clk 1:32:00]}
6. g3 {[%clk 1:32:04]} e5 {[%clk 1:32:26]} 7. Nde2 {[%clk 1:32:29]} Be7
{[%clk 1:32:53]} 8. Bg2 {[%clk 1:32:53]} O-O {[%clk 1:33:17]} 9. O-O
{[%clk 1:32:27]} Be6 {[%clk 1:33:37]} 10. a4 {[%clk 1:31:23]} Nc6
{[%clk 1:34:00]} 11. Nd5 {[%clk 1:27:26]} Rc8 {[%clk 1:33:36]} 12. c4
{[%clk 1:22:12]} a5 {[%clk 1:26:54]} 13. Be3 {[%clk 1:18:37]} Nd7
{[%clk 1:21:31]} 14. h4 {[%clk 1:15:31]} Nc5 {[%clk 1:15:58]} 15. Nec3
{[%clk 0:59:25]} Re8 {[%clk 0:57:05]} 16. Nb5 {[%clk 0:56:37]} Bf8
{[%clk 0:53:35]} 17. b3 {[%clk 0:56:04]} Kh8 {[%clk 0:51:15]} 18. Ra2
{[%clk 0:53:26]} Bxd5 {[%clk 0:46:50]} 19. cxd5 {[%clk 0:53:11]} Nb4
{[%clk 0:47:16]} 20. Ra1 {[%clk 0:48:16]} b6 {[%clk 0:43:17]} 21. Rb1
{[%clk 0:46:52]} Rb8 {[%clk 0:41:33]} 22. Bd2 {[%clk 0:46:01]} Nba6
{[%clk 0:40:31]} 23. Qe2 {[%clk 0:45:18]} Rb7 {[%clk 0:40:39]} 24. Kh2
{[%clk 0:45:15]} Nb8 {[%clk 0:40:21]} 25. Be3 {[%clk 0:43:16]} Nbd7
{[%clk 0:40:32]} 26. f3 {[%clk 0:40:09]} Nf6 {[%clk 0:38:15]} 27. Bh3
{[%clk 0:40:32]} g6 {[%clk 0:38:25]} 28. b4 {[%clk 0:39:41]} axb4
{[%clk 0:38:40]} 29. Rxb4 {[%clk 0:40:05]} Qe7 {[%clk 0:37:37]} 30. Rc1
{[%clk 0:36:23]} Reb8 {[%clk 0:37:14]} 31. Rcb1 {[%clk 0:32:53]} Bg7
{[%clk 0:31:29]} 32. Na3 {[%clk 0:32:25]} Qc7 {[%clk 0:30:07]} 33. Qb5
{[%clk 0:29:05]} Bf8 {[%clk 0:21:09]} 34. Nc4 {[%clk 0:27:29]} Qe7
{[%clk 0:11:27]} 35. R4b2 {[%clk 0:15:59]} Nfd7 {[%clk 0:07:38]} 36. Qc6
{[%clk 0:12:17]} Nd3 {[%clk 0:04:57]} 37. Rd2 {[%clk 0:10:37]} N3c5
{[%clk 0:04:45]} 38. Bxd7 {[%clk 0:08:40]} Nxd7 {[%clk 0:03:20]} 39. a5 f5 40.
Bg5 {[%clk 0:03:06]} Qf7 {[%clk 0:00:47]} 41. Nxd6 {[%clk 0:28:22]} Bxd6
{[%clk 0:30:23]} 42. Qxd6 {[%clk 0:28:48]} bxa5 {[%clk 0:29:33]} 43. Rxb7
{[%clk 0:28:32]} Rxb7 {[%clk 0:30:01]} 44. Qe6 {[%clk 0:26:29]} Kg8
{[%clk 0:30:06]} 45. Rc2 {[%clk 0:19:04]} Rb8 {[%clk 0:30:30]} 46. Qd6
{[%clk 0:13:00]} fxe4 {[%clk 0:29:16]} 47. fxe4 {[%clk 0:12:52]} Rb6
{[%clk 0:18:52]} 48. Qc7 {[%clk 0:12:42]} Rb1 {[%clk 0:12:01]} 49. Qd8+
{[%clk 0:07:08]} Kg7 {[%clk 0:06:45]} 50. Be3 {[%clk 0:06:57]} Rf1
{[%clk 0:07:11]} 51. Qg5 {[%clk 0:02:55]} a4 {[%clk 0:07:03]} 52. Rc8
{[%clk 0:02:42]} Nf8 {[%clk 0:02:54]} 53. Qxe5+ {[%clk 0:03:10]} Kg8
{[%clk 0:03:21]} 54. Bd4 {[%clk 0:03:10]} Rf2+ {[%clk 0:02:44]} 55. Kh3 1-0

[Event "AsianNationCup2018"]
[Site "Hamedan"]
[Date "2018.07.29"]
[Round "2.3"]
[White "Nguyen, Anh Khoi"]
[Black "Bai, Jinshi"]
[Result "0-1"]
[BlackElo "2588"]
[WhiteElo "2454"]
[LiveChessVersion "1.4.8"]

1. d4 {[%clk 1:30:56]} Nf6 {[%clk 1:30:49]} 2. c4 {[%clk 1:31:17]} c6
{[%clk 1:30:58]} 3. Nc3 {[%clk 1:31:24]} d5 {[%clk 1:31:21]} 4. Nf3
{[%clk 1:31:42]} dxc4 {[%clk 1:31:39]} 5. a4 {[%clk 1:32:05]} e6 {[%clk 1:31:33]}
6. e4 {[%clk 1:27:01]} Bb4 {[%clk 1:31:36]} 7. e5 {[%clk 1:21:06]} Nd5
{[%clk 1:31:47]} 8. Bd2 {[%clk 1:20:55]} b5 {[%clk 1:32:02]} 9. axb5
{[%clk 1:16:21]} Bxc3 {[%clk 1:32:19]} 10. bxc3 {[%clk 1:16:45]} cxb5
{[%clk 1:32:45]} 11. Ng5 {[%clk 1:14:28]} Nd7 {[%clk 1:25:02]} 12. h4
{[%clk 1:04:54]} Qe7 {[%clk 1:09:32]} 13. Qh5 {[%clk 0:52:37]} Bb7
{[%clk 1:01:56]} 14. Rh3 {[%clk 0:47:27]} h6 {[%clk 0:52:07]} 15. Ne4
{[%clk 0:42:19]} Nf4 {[%clk 0:52:01]} 16. Bxf4 {[%clk 0:42:13]} Bxe4
{[%clk 0:52:25]} 17. Bc1 {[%clk 0:29:15]} a5 {[%clk 0:43:28]} 18. Rg3
{[%clk 0:22:52]} g6 {[%clk 0:40:58]} 19. Qe2 {[%clk 0:17:29]} Bc6
{[%clk 0:34:33]} 20. h5 {[%clk 0:17:04]} g5 {[%clk 0:34:52]} 21. f4
{[%clk 0:14:07]} gxf4 {[%clk 0:33:47]} 22. Bxf4 {[%clk 0:14:27]} Nb6
{[%clk 0:23:08]} 23. Rg4 {[%clk 0:10:51]} Nd5 {[%clk 0:18:21]} 24. Bd2
{[%clk 0:10:06]} a4 {[%clk 0:18:47]} 25. Qd1 {[%clk 0:08:14]} Kd7
{[%clk 0:13:19]} 26. Kf2 {[%clk 0:07:59]} f5 {[%clk 0:09:42]} 27. exf6
{[%clk 0:06:46]} Nxf6 {[%clk 0:09:16]} 28. Rg6 {[%clk 0:05:48]} Rag8
{[%clk 0:07:55]} 29. Kg1 {[%clk 0:05:33]} Rxg6 {[%clk 0:07:52]} 30. hxg6
{[%clk 0:06:01]} Rg8 {[%clk 0:08:09]} 31. Bxc4 {[%clk 0:02:54]} bxc4
{[%clk 0:04:46]} 32. Rxa4 {[%clk 0:03:21]} Qd6 {[%clk 0:05:08]} 33. Ra7+
{[%clk 0:02:58]} Kc8 {[%clk 0:04:31]} 34. g7 {[%clk 0:02:11]} Qg3
{[%clk 0:01:59]} 35. Qe2 {[%clk 0:02:17]} Bd5 {[%clk 0:02:25]} 36. Be1
{[%clk 0:02:18]} Qg6 {[%clk 0:01:32]} 37. Qa2 {[%clk 0:02:10]} Rxg7
{[%clk 0:00:45]} 38. Qa6+ {[%clk 0:01:50]} Rb7 {[%clk 0:00:51]} 39. Ra8+
{[%clk 0:01:48]} Kd7 {[%clk 0:01:08]} 40. Qa4+ {[%clk 0:01:24]} Bc6
{[%clk 0:01:23]} 41. Qa2 {[%clk 0:01:22]} Rb1 {[%clk 0:00:39]} 42. Ra7+
{[%clk 0:29:22]} Ke8 {[%clk 0:30:03]} 0-1

[Event "AsianNationCup2018"]
[Site "Hamedan"]
[Date "2018.07.29"]
[Round "2.4"]
[White "Xu, Xiangyu"]
[Black "Nguyen, Duc Hoa"]
[Result "0-1"]
[BlackElo "2441"]
[WhiteElo "2585"]
[LiveChessVersion "1.4.8"]

1. Nf3 {[%clk 1:30:57]} d5 {[%clk 1:30:21]} 2. d4 {[%clk 1:31:21]} Nf6
{[%clk 1:29:56]} 3. c4 {[%clk 1:31:42]} e6 {[%clk 1:30:19]} 4. Nc3
{[%clk 1:32:07]} c6 {[%clk 1:30:08]} 5. Bg5 {[%clk 1:32:31]} h6 {[%clk 1:28:15]}
6. Bxf6 {[%clk 1:32:46]} Qxf6 {[%clk 1:28:34]} 7. g3 {[%clk 1:33:12]} Qd8
{[%clk 1:25:56]} 8. Bg2 {[%clk 1:33:27]} Be7 {[%clk 1:26:16]} 9. Qb3
{[%clk 1:30:42]} Nd7 {[%clk 1:23:42]} 10. O-O {[%clk 1:30:32]} Qb6
{[%clk 1:21:43]} 11. c5 {[%clk 1:19:15]} Qxb3 {[%clk 1:18:35]} 12. axb3
{[%clk 1:19:35]} a6 {[%clk 1:13:44]} 13. e4 {[%clk 1:16:33]} dxe4
{[%clk 1:13:05]} 14. Nxe4 {[%clk 1:16:27]} Nf6 {[%clk 1:13:09]} 15. Ned2
{[%clk 1:12:10]} O-O {[%clk 1:12:08]} 16. Nc4 {[%clk 1:12:29]} Rd8
{[%clk 1:11:48]} 17. Rfd1 {[%clk 1:12:52]} Bd7 {[%clk 1:11:36]} 18. Kf1
{[%clk 0:58:18]} Be8 {[%clk 1:10:26]} 19. Ke2 {[%clk 0:55:40]} Nd5
{[%clk 1:10:11]} 20. Nfe5 {[%clk 0:45:30]} f6 {[%clk 1:04:40]} 21. Ng4
{[%clk 0:30:50]} Nc7 {[%clk 1:04:00]} 22. Ra4 {[%clk 0:29:56]} Nb5
{[%clk 1:00:06]} 23. Na3 {[%clk 0:30:05]} Nc7 {[%clk 0:45:05]} 24. Nc4
{[%clk 0:30:22]} Rab8 {[%clk 0:44:39]} 25. Bf3 {[%clk 0:27:35]} Nb5
{[%clk 0:43:46]} 26. Na3 {[%clk 0:27:43]} Rd7 {[%clk 0:43:37]} 27. Nxb5
{[%clk 0:24:40]} axb5 {[%clk 0:43:46]} 28. Ra7 {[%clk 0:24:52]} Rbd8
{[%clk 0:42:25]} 29. Ne3 {[%clk 0:22:16]} Kf8 {[%clk 0:40:12]} 30. b4
{[%clk 0:21:01]} f5 {[%clk 0:36:01]} 31. Ke1 {[%clk 0:18:47]} Bf6
{[%clk 0:35:30]} 32. Nc2 {[%clk 0:18:19]} Bg6 {[%clk 0:33:55]} 33. Be2
{[%clk 0:18:31]} f4 {[%clk 0:32:56]} 34. Bd3 {[%clk 0:18:40]} Bh5
{[%clk 0:33:14]} 35. Be2 {[%clk 0:16:05]} f3 {[%clk 0:33:16]} 36. Bd3
{[%clk 0:16:11]} e5 {[%clk 0:30:00]} 37. Kf1 {[%clk 0:10:33]} Bg4
{[%clk 0:24:52]} 38. Ra3 {[%clk 0:03:20]} exd4 {[%clk 0:23:08]} 39. Kg1
{[%clk 0:03:26]} h5 {[%clk 0:12:54]} 40. Ne1 {[%clk 0:00:41]} g5 {[%clk 0:06:24]}
41. Rb1 {[%clk 0:08:11]} Re7 {[%clk 0:34:14]} 42. h3 {[%clk 0:05:45]} Bxh3
{[%clk 0:30:30]} 43. Nxf3 {[%clk 0:06:13]} Be6 {[%clk 0:29:00]} 44. Re1
{[%clk 0:06:08]} Rde8 {[%clk 0:27:45]} 45. Bg6 {[%clk 0:01:44]} Bf7
{[%clk 0:28:08]} 46. Rxe7 {[%clk 0:02:08]} Rxe7 {[%clk 0:28:34]} 47. Bxf7
{[%clk 0:02:32]} Kxf7 {[%clk 0:29:00]} 48. Kf1 {[%clk 0:02:49]} Ke6
{[%clk 0:21:28]} 49. Nd2 {[%clk 0:02:14]} g4 {[%clk 0:15:26]} 50. Ra8
{[%clk 0:01:45]} d3 {[%clk 0:14:08]} 51. Ra3 {[%clk 0:02:04]} Rd7
{[%clk 0:14:05]} 52. Rb3 {[%clk 0:02:32]} Bg5 {[%clk 0:11:42]} 53. Ke1
{[%clk 0:02:58]} Kf5 {[%clk 0:11:34]} 54. Nb1 {[%clk 0:00:33]} Ke4
{[%clk 0:10:09]} 55. Nc3+ {[%clk 0:01:00]} Kd4 {[%clk 0:09:59]} 56. Ra3
{[%clk 0:01:17]} Re7+ {[%clk 0:09:18]} 57. Kd1 {[%clk 0:01:30]} Rf7
{[%clk 0:09:13]} 58. Ke1 {[%clk 0:01:06]} d2+ {[%clk 0:08:31]} 59. Kf1
{[%clk 0:00:44]} Re7 {[%clk 0:08:39]} 60. Ra1 {[%clk 0:01:03]} Kd3
{[%clk 0:08:36]} 0-1